000 00298nam a22001337a 4500
008 170426b xxu||||| |||| 00| 0 eng d
020 _a9780071751308
041 _aeng
080 _22ND
_a54
100 _a12
101 _ashm
245 _aCHEMISTRY DEMYSTIFIED
_cWILLIAMS, L.D
942 _2udc
_cBK
999 _c12048
_d12048